Statistiques concernant Pokémon de départ (sans leurs évolutions)

Cliquez ici pour prendre le quiz!

Statistiques générales

  • Ce quiz a été pris 1 038 fois
    (740 depuis la dernière actualisation)
  • Le résultat moyen est 20 sur 27

Statistiques - réponses

Starters% Correct
Carapuce
98%
Salamèche
98%
Bulbizarre
97%
Kaiminus
85%
Germignon
84%
Gobou
84%
Héricendre
84%
Poussifeu
84%
Tiplouf
84%
Arcko
83%
Tortipouss
83%
Ouisticram
82%
Gruikui
77%
Moustillon
75%
Vipélierre
75%
Grenousse
74%
Brindibou
68%
Feunnec
68%
Marisson
67%
Flamiaou
65%
Otaquin
63%
Larméléon
54%
Ouistempo
53%
Flambino
51%
Poussacha
50%
Chochodile
46%
Coiffeton
40%

Distribution des résultats

Percentile par nombre de réponses

% des personnes avec chaque résultat

Votre développement - résultats

Vous n’avez pas pris ce quiz depuis la dernière actualisation